000 01127cad a22002415a 4500
001 E147557
008 090522s2009 xxkad f s 000 0 eng d
035 _a(Sirsi) u147557
041 0 _aeng
050 0 4 _a333.33 $2 18
110 2 _aCluttons
_92064
245 0 0 _aQuarterly property market update
_bMay 2009
_h[electronic resource]
260 _aLondon
_bCluttons
_c2009
490 0 _aQuarterly Property Market Update
_vMay 2009
520 _aPredicts that the IPD All Property return will be -11% in 2009, with capital values falling by a further -9% between April and December 2009. Suggests that industrial property will provide the best total return in 2009. Reports that UK house prices fell by -16.5% in the year to March; forecasts that they will fall by -12% in 2009.
590 _aKA
650 2 4 _aCLUTTONS QUARTERLY PROPERTY MARKET UPDATE
651 4 _aUnited Kingdom
_y
690 _aPROPERTY-COMMERCIAL PROPERTY-COMMERCIAL PROPERTY MARKET
690 _aPROPERTY-RESIDENTIAL PROPERTY-RESIDENTIAL PROPERTY MARKET
856 4 0 _uhttps://www.cluttons.com/
_zView the report at www.cluttons.com...
942 _n0
999 _c109618
_d109618